01562nab a22002537a 4500999001500000003000400015005001700019008004100036040000700077100003100084245012700115260007300242300001300315500004400328505057700372505009000949650002301039650002701062650002701089650002001116650001401136773014501150942001301295 c5442d5442OSt20250909112517.0190604e xxu||||| |||| 00| 0 spa d cPJ aSwinnen, Jérémie9645113aJuicio en ausencia en Argentina : bnueva ley y su impacto en la justicia nacional e internacional /cJérémie Swinnen. aCiudad Autónoma de Buenos Aires :bThomson Reuters La Ley, c2025. ap. 17-26 aCita Online: TR LALEY AR/DOC/406/2025.  aSumario: I. Introducción.— II. Algunas reflexiones iniciales.— III. Legislación comparada sobre el juicio en ausencia.— IV. Tribunales internacionales: la experiencia en los procesos penales internacionales.— V. Otros tribunales penales internacionales: tribunales penales ad hoc y tribunales penales mixtos.— VI. Tribunal Europeo de Derechos Humanos y las garantías de un juicio en ausencia. — VII. Diferentes enfoques con objetivos comunes.— VIII. Jurisdicción universal y juicio en ausencia: ¿una oportunidad desaprovechada?— IX. Conclusión.  t¿Te interesa el texto completo? Solicitalo al correo: koha@justierradelfuego.gov.ar  09343aDERECHO PENAL 093088aJUICIO ABREVIADO 09586aDEFENSA EN JUICIO 092095aSENTENCIA 09193aPENA0 0271493171dCiudad Autónoma de Buenos Aires : Thomson Reuters La Ley, 2014-tRevista anales de legislación argentina. Nº 4 - Mayo 2025. 2udccANA